01140nam a2200241Ia 450000100060000000300090000600800410001504000130005604000130006904100130008210000200009510000290011524500520014424501020019625000110029826000120030926000100032126000490033130000580038050004150043865000140085365000310086760052IT-RoPAU130308s9999 xx 000 0 und d aIT-RoPAU cIT-RoPAU aITALIANO aCorsi Giancarlo gCodice Aut. SPICS: 21161 aSemantica scientifica e comunicazione sociale bSemantica e Comunicazione-L'Evoluzione delle Idee nella Prospettiva sociologica di Niklas Luhmann a1a ed. aBOLOGNA bClueb c1987 [1° Ed.:1987 - Ed.Ling.Originale:1987] a"38 p. (prefazione: no ; testo: 38 [pagine: 75-112])" aScienza e Società Differenziazione tra Società e Interazione conseguenze della Differenziazione Funzionale Assiomatica Scientifica Autoreferenza e Codice della Verità Esternalizzazione Distinzione Essere Pensare Schematizzazione Binaria Distinzione vero Falso Limitazionalità teorie e Metodi Teoria della Conoscenza e dei sistemi Sociali Autodescrizione della Società Scienza Verità e Comunicazione aSEMANTICA eCodice materia Spics: 3301